000 02438nam0a2200397 i 4500
001 RU\NLR\BIBL_A\010856528
005 20260408084749.0
010 _a9785799614492
_950
021 _aRU
_b2015-66223
_93959
021 _aRU
_b2015-66223
_94460
035 _a(NLR Aleph) 010856528
090 _a10399495
_c10399495
100 _a20151006d2015 u y0rusy50 ca
101 0 _arus
_ager
102 _aRU
105 _aac||j|||000yy
135 _acrmn mmmancda
200 1 _aНемецкий язык для IT-студентов
_dDeutsch für IT-Studenten
_eучебное пособие
_eдля студентов ИРИТ-РтФ по дисциплине "Иностранный язык для профессиональных целей"
_fМ-во образования и науки Рос. Федерации, Урал. федер. ун-т им. первого Президента России Б.Н. Ельцина, [Ин-т фундамент. образования
_gсост.: С.В. Платонова]
_zger
210 _aЕкатеринбург
_cИзд-во Уральского университета
_d2015
215 _a113 с.
_cил., портр.
_d20
320 _aБиблиогр.: с. 113
325 _aКопия доступна в Электрон. б-ке РНБ
510 1 _aDeutsch für IT-Studenten
_zger
606 1 _aНемецкий язык
_xУчебные издания для информационно-технологической отрасли
_92408116
_3RU\NLR\AUTH\661435008
675 _a811.112.2
686 1 _aШ143.24-93рус328.71
702 1 _aПлатонова
_bС. В.
_gСветлана Владиславовна
_4220
712 0 2 _4570
_aУральский федеральный университет им. первого Президента России Б. Н. Ельцина
_cЕкатеринбург
_bИнститут фундаментального образования
_3RU\NLR\AUTH\8810226249
_9337080
801 0 _aRU
_bРГБ
_c20150828
_gRCR
942 _cBOOK
980 _aNBR
981 1 3 _a(13) Документы, защищенные авторским правом
_b(13) Современная научная, научно-популярная и популярная л